Quel évènement est arrivé en premier ? - Statistiques

Statistiques générales
  • Ce quiz a été pris 69 fois
  • Le résultat moyen est 11 sur 20
Statistiques - réponses
Question Réponse % Correct
La construction des pyramides de Gizeh ou la rédaction de l'épopée de Gilgamesh ? Construction des pyramides de Gizeh
79%
La première guerre mondiale ou la révolution russe ? Première guerre mondiale
79%
La première élection présidentielle aux États-Unis ou l'indépendance des États-Unis ? Indépendance des États-Unis
71%
La première ascension du Mont Everest ou celle du Mont Blanc ? Mont Blanc
71%
La Playstation ou la Xbox ? PlayStation
71%
La fondation de la NASA ou le lancement du premier satellite Spoutnik par l'URSS ? Spoutnik
64%
Conan le Barbare ou Terminator ? Conan le Barbare
57%
La sortie des gardiens de la galaxie ou de Ant-Man ? Les Gardiens de la Galaxie
57%
La création de l'ONU ou de l'OTAN ? ONU
57%
La découverte de l'insuline ou des rayons X ? Rayons X
57%
La révolution américaine ou française ? Révolution américaine
57%
La naissance de Daniel Radcliffe ou Robert Pattinson ? Robert Pattinson
57%
L'invention de l'écriture ou de la roue ? Roue
57%
YouTube ou Facebook ? Facebook
50%
La sortie de Jurassic Park ou de Titanic ? Jurassic Park
50%
La sortie de Game of Thrones ou de Breaking Bad ? Breaking Bad
43%
La mort de Michael Jackson ou de Whitney Houston ? Michael Jackson
43%
L'invention du téléphone ou de l'ampoule électrique ? Téléphone
43%
La naissance d'Emile Zola ou de Victor Hugo ? Victor Hugo
43%
Le scrabble ou le sudoku ? Scrabble
36%
Aucun quiz correspondant
Distribution des résultats
% des personnes avec chaque résultat
Percentile par nombre de réponses
Votre historique - résultats
Vous n’avez pas pris ce quiz